[Event "Madrid ch - Previa B 2013"]
[Site "Madrid ESP"]
[Date "2013.02.02"]
[Round "2.29"]
[White "Lopez Garralon, Jorge"]
[Black "Veiga Rodriguez, Pablo"]
[Result "1/2-1/2"]
[WhiteElo "1270"]
[BlackElo "1610"]
[PlyCount "95"]
[EventDate "2013.02.01"]
[EventType "swiss"]
[EventRounds "9"]
[EventCountry "ESP"]
[Source "lmi"]
[SourceDate "2013.02.01"]

1. e4 c5 2. Nf3 d6 3. d3 Nc6 4. Nbd2 g6 5. c3 Bg7 6. Be2 Nf6 7. h3 O-O 8. Nf1
b5 9. Qc2 a5 10. a4 b4 11. Ng3 Rb8 12. cxb4 Nxb4 13. Qd1 Nd7 14. Rb1 Nc6 15. b3
Nde5 16. Nxe5 Bxe5 17. Bh6 Bc3+ 18. Bd2 Bb4 19. O-O Nd4 20. Bh6 Re8 21. Bg4 e5
22. Bxc8 Qxc8 23. f4 Qe6 24. h4 Bc3 25. f5 gxf5 26. Nxf5 Nxf5 27. Qg4+ Qg6 28.
Qxg6+ fxg6 29. exf5 gxf5 30. Rxf5 e4 31. dxe4 Rxe4 32. g3 Rg4 33. Bf4 Be5 34.
Bxe5 dxe5 35. Rxe5 Rxg3+ 36. Kh2 Rbxb3 37. Rxb3 Rxb3 38. Rxc5 Rb4 39. Rxa5
Rxh4+ 40. Kg3 Rb4 41. Ra8+ Kg7 42. Ra7+ Kg6 43. Ra6+ Kf5 44. Ra5+ Ke6 45. Kf3
Kd6 46. Rh5 Rb7 47. Ke3 Kc6 48. Kd3 1/2-1/2

[Event "Madrid ch - Previa B 2013"]
[Site "Madrid ESP"]
[Date "2013.02.07"]
[Round "3.2"]
[White "Garcia-Ruiz Fuentes, Angel M"]
[Black "Marcos Herrero, Francisco"]
[Result "1/2-1/2"]
[WhiteElo "1963"]
[BlackElo "1895"]
[PlyCount "83"]
[EventDate "2013.02.01"]
[EventType "swiss"]
[EventRounds "9"]
[EventCountry "ESP"]
[Source "lmi"]
[SourceDate "2013.02.01"]

1. e4 c5 2. Nf3 d6 3. d4 cxd4 4. Nxd4 Nf6 5. Nc3 g6 6. Be3 Bg7 7. f3 Nc6 8. Qd2
Bd7 9. Bc4 O-O 10. O-O-O Rc8 11. Bb3 Ne5 12. Kb1 Nc4 13. Bxc4 Rxc4 14. g4 b5
15. b3 Rc7 16. Ndxb5 Rb7 17. Nd4 Qc8 18. Nde2 a5 19. Bd4 a4 20. g5 Nh5 21. Ng3
Bxd4 22. Qxd4 e5 23. Qd2 Nf4 24. h4 axb3 25. cxb3 Be6 26. Nd5 Nxd5 27. exd5
Bf5+ 28. Nxf5 Qxf5+ 29. Qd3 Qf4 30. Qe4 Qg3 31. Qe3 Rb4 32. Rdg1 Qf4 33. Qxf4
Rxf4 34. Rf1 f6 35. h5 fxg5 36. hxg6 hxg6 37. a4 g4 38. Rfg1 Rxf3 39. Rxg4
Rxb3+ 40. Ka2 Rff3 41. Rxg6+ Kf7 42. Rxd6 1/2-1/2

[Event "Madrid ch - Previa B 2013"]
[Site "Madrid ESP"]
[Date "2013.02.07"]
[Round "3.4"]
[White "Rodriguez Del Pino, Daniel"]
[Black "Ordoñez Morales, Alberto"]
[Result "1-0"]
[WhiteElo "1906"]
[BlackElo "1836"]
[PlyCount "59"]
[EventDate "2013.02.01"]
[EventType "swiss"]
[EventRounds "9"]
[EventCountry "ESP"]
[Source "lmi"]
[SourceDate "2013.02.01"]

1. e4 e6 2. d4 d5 3. exd5 exd5 4. Bf4 Nf6 5. Bd3 Nc6 6. c3 Bd6 7. Bxd6 Qxd6 8.
Nf3 Qe7+ 9. Be2 O-O 10. O-O Bf5 11. Bd3 Bxd3 12. Qxd3 Rfe8 13. Nbd2 Qd7 14.
Rfe1 Rad8 15. Ne5 Nxe5 16. dxe5 Ng4 17. f4 Qe6 18. Nf3 Qb6+ 19. Nd4 Qxb2 20.
Qg3 Nh6 21. f5 Qb6 22. Kh1 Kh8 23. Rf1 c5 24. Nb3 d4 25. cxd4 cxd4 26. f6 Rg8
27. Qh4 Qc6 28. fxg7+ Rxg7 29. Qxd8+ Rg8 30. Qf6+ 1-0

[Event "Madrid ch - Previa B 2013"]
[Site "Madrid ESP"]
[Date "2013.02.07"]
[Round "3.7"]
[White "Cano Mercado, Francisco Manuel"]
[Black "Sebastian Enesco, Alex"]
[Result "1-0"]
[WhiteElo "1865"]
[BlackElo "1771"]
[PlyCount "67"]
[EventDate "2013.02.01"]
[EventType "swiss"]
[EventRounds "9"]
[EventCountry "ESP"]
[Source "lmi"]
[SourceDate "2013.02.01"]

1. d4 b5 2. e4 Bb7 3. Bd3 Nf6 4. Qe2 a6 5. f4 e6 6. Nf3 c5 7. c3 Be7 8. O-O Qb6
9. Kh1 d6 10. Nbd2 Nbd7 11. e5 Nd5 12. Ne4 Nc7 13. exd6 Bxd6 14. Nxd6+ Qxd6 15.
f5 O-O-O 16. Be3 c4 17. Bc2 exf5 18. Bxf5 f6 19. Qd2 Nd5 20. Bf2 g6 21. Bg3 Qc6
22. Be4 f5 23. Bxd5 Qxd5 24. Qf4 Qc6 25. Rfe1 Rhe8 26. Bh4 Nf6 27. Re5 Nd5 28.
Qg5 Rh8 29. Qh6 Rde8 30. Rae1 b4 31. cxb4 Nc7 32. Rc5 Rxe1+ 33. Bxe1 Qa4 34.
Qg7 1-0

[Event "Madrid ch - Previa B 2013"]
[Site "Madrid ESP"]
[Date "2013.02.07"]
[Round "3.8"]
[White "Arroyo Fernandez, Francisco J"]
[Black "Fernandez Rodriguez, Fernando J"]
[Result "1/2-1/2"]
[WhiteElo "1840"]
[BlackElo "1733"]
[PlyCount "44"]
[EventDate "2013.02.01"]
[EventType "swiss"]
[EventRounds "9"]
[EventCountry "ESP"]
[Source "lmi"]
[SourceDate "2013.02.01"]

1. d4 d5 2. Bf4 Nf6 3. e3 e6 4. Nd2 Bd6 5. Bxd6 Qxd6 6. f4 c5 7. c3 Nc6 8. Bd3
b6 9. Nh3 Bb7 10. O-O Nd7 11. Ng5 h6 12. Qh5 Qe7 13. Ngf3 O-O-O 14. Ne5 Ndxe5
15. fxe5 f5 16. a4 g5 17. Qe2 h5 18. Bb5 g4 19. Bxc6 Bxc6 20. a5 Qb7 21. b4 c4
22. axb6 axb6 1/2-1/2

[Event "Madrid ch - Previa B 2013"]
[Site "Madrid ESP"]
[Date "2013.02.07"]
[Round "3.9"]
[White "Lianes Garcia, Marcos"]
[Black "Herrero Corada, Jose Ignacio"]
[Result "1-0"]
[WhiteElo "1724"]
[BlackElo "1849"]
[PlyCount "87"]
[EventDate "2013.02.01"]
[EventType "swiss"]
[EventRounds "9"]
[EventCountry "ESP"]
[Source "lmi"]
[SourceDate "2013.02.01"]

1. e4 c6 2. d4 d5 3. Nc3 dxe4 4. Nxe4 Nf6 5. Nxf6+ exf6 6. c3 Bd6 7. Bd3 O-O 8.
Qc2 Re8+ 9. Ne2 Kh8 10. Be3 Nd7 11. O-O-O Nf8 12. c4 Be6 13. Nc3 Qa5 14. Kb1
Bb4 15. Ne4 b5 16. Nd2 Rab8 17. Nb3 Qa4 18. Rc1 Be7 19. Nd2 Qa6 20. Nb3 g6 21.
Qe2 Qa4 22. Qc2 Qa6 23. Rhd1 Red8 24. Qe2 f5 25. Bf4 Rb7 26. cxb5 cxb5 27. Bc7
Rc8 28. d5 Rcxc7 29. Rxc7 Rxc7 30. Qe5+ Kg8 31. Qxc7 Bd6 32. Qc6 Qxc6 33. dxc6
b4 34. Nd4 Bd5 35. Nb5 Bc5 36. c7 Bb7 37. Rc1 Ne6 38. Bc4 Nxc7 39. Nxc7 Bxf2
40. Bd5 Bc8 41. Ne8 Ba6 42. Nd6 Bb6 43. Bxf7+ Kf8 44. Bc4 1-0

[Event "Madrid ch - Previa B 2013"]
[Site "Madrid ESP"]
[Date "2013.02.07"]
[Round "3.10"]
[White "Franco Rincon, David"]
[Black "Tirado Parra, Alberto"]
[Result "1-0"]
[WhiteElo "1671"]
[BlackElo "1920"]
[PlyCount "53"]
[EventDate "2013.02.01"]
[EventType "swiss"]
[EventRounds "9"]
[EventCountry "ESP"]
[Source "lmi"]
[SourceDate "2013.02.01"]

1. e4 e5 2. Nf3 d6 3. Bc4 Nd7 4. c3 Be7 5. O-O Ngf6 6. d3 O-O 7. h3 c6 8. Re1
b5 9. Bb3 a5 10. Bc2 Qc7 11. Bg5 d5 12. Nbd2 dxe4 13. Nxe4 Nxe4 14. Rxe4 f6 15.
Bh4 Nc5 16. Re1 Rd8 17. Qe2 Ne6 18. Bg3 c5 19. Rac1 Kh8 20. d4 cxd4 21. cxd4
Nxd4 22. Nxd4 Rxd4 23. Be4 Rxe4 24. Qxe4 Qa7 25. Qc6 Bb7 26. Qd7 Bb4 27. Red1
1-0

[Event "Madrid ch - Previa B 2013"]
[Site "Madrid ESP"]
[Date "2013.02.07"]
[Round "3.11"]
[White "Merino Araguas, Jose Javier"]
[Black "Rodriguez Sebastian, Roberto"]
[Result "1/2-1/2"]
[WhiteElo "1829"]
[BlackElo "1670"]
[PlyCount "137"]
[EventDate "2013.02.01"]
[EventType "swiss"]
[EventRounds "9"]
[EventCountry "ESP"]
[Source "lmi"]
[SourceDate "2013.02.01"]

1. d4 d6 2. Nf3 Nf6 3. c4 Nbd7 4. Nc3 e5 5. Bg5 Be7 6. e3 O-O 7. Bd3 c6 8. Qc2
h6 9. Bh4 Qc7 10. O-O a6 11. a3 Re8 12. Rfe1 Nf8 13. dxe5 dxe5 14. Bg3 Bd6 15.
Ne4 Nxe4 16. Bxe4 c5 17. Nd2 Bd7 18. Red1 Bc6 19. Bxc6 Qxc6 20. Qe4 Qc7 21. Nf3
Ng6 22. h3 b5 23. cxb5 axb5 24. Rac1 c4 25. Qd5 Bc5 26. b4 Bf8 27. Qxb5 Rec8
28. Rd7 Qc6 29. Qxc6 Rxc6 30. Rc3 f6 31. Nd2 Rac8 32. Kf1 Ne7 33. f3 Nf5 34.
Bf2 Nd6 35. a4 Ra8 36. b5 Rc5 37. e4 Rcc8 38. b6 Rxa4 39. b7 Rb8 40. Rc7 Nb5
41. R7xc4 Ra1+ 42. Rc1 Rxc1+ 43. Rxc1 Rxb7 44. Rb1 Rd7 45. Nc4 Nc3 46. Ra1 Kf7
47. Be1 Nb5 48. Ne3 Nd4 49. Nd5 Nc2 50. Rc1 Nxe1 51. Kxe1 Kg6 52. Rc2 Kg5 53.
g3 f5 54. h4+ Kh5 55. Rc7 Rxc7 56. Nxc7 fxe4 57. fxe4 Kg4 58. Kf2 g5 59. hxg5
hxg5 60. Ne6 Be7 61. Ng7 Kh3 62. Kf3 g4+ 63. Ke2 Kxg3 64. Nf5+ Kh2 65. Nxe7 g3
66. Nf5 g2 67. Nh4 Kg3 68. Nf3 Kf4 69. Kf2 1/2-1/2

[Event "Madrid ch - Previa B 2013"]
[Site "Madrid ESP"]
[Date "2013.02.07"]
[Round "3.14"]
[White "Rottenwoerer, Christoph"]
[Black "Yeves Miquel, Enrique"]
[Result "0-1"]
[WhiteElo "1609"]
[BlackElo "1742"]
[PlyCount "96"]
[EventDate "2013.02.01"]
[EventType "swiss"]
[EventRounds "9"]
[EventCountry "ESP"]
[Source "lmi"]
[SourceDate "2013.02.01"]

1. c4 c5 2. g3 Nc6 3. Bg2 g6 4. Nc3 Bg7 5. Nf3 e5 6. a3 Nge7 7. b4 d5 8. cxd5
Nxd5 9. Bb2 cxb4 10. Nxd5 Qxd5 11. Nh4 Qb5 12. a4 Qa6 13. Nf3 O-O 14. O-O Be6
15. Ng5 Bg4 16. d3 Rac8 17. Ne4 Rfd8 18. h3 Bf5 19. Nc5 Qb6 20. Rc1 Bd7 21. e3
Be8 22. Kh2 Na5 23. d4 Bc6 24. d5 Be8 25. Ne4 Nc4 26. Ba1 a5 27. Qb3 Nd6 28.
Ng5 Bd7 29. Bb2 Rxc1 30. Rxc1 Rc8 31. Rxc8+ Bxc8 32. Qa2 Qc7 33. Qa1 f6 34. Ne6
Qc2 35. Nxg7 Kxg7 36. f4 Nc4 37. Bc1 Bd7 38. fxe5 Nxe5 39. Bb2 Nf3+ 40. Kh1
Bxh3 41. Bxf6+ Kf7 42. Qf1 Bxg2+ 43. Qxg2 Qxg2+ 44. Kxg2 Ne1+ 45. Kf2 Kxf6 46.
Kxe1 Ke5 47. e4 h5 48. Ke2 g5 0-1

[Event "Madrid ch - Previa B 2013"]
[Site "Madrid ESP"]
[Date "2013.02.07"]
[Round "3.15"]
[White "Hrybanova, Valeria"]
[Black "Soto Martin, Pablo"]
[Result "0-1"]
[WhiteElo "1556"]
[BlackElo "1740"]
[PlyCount "78"]
[EventDate "2013.02.01"]
[EventType "swiss"]
[EventRounds "9"]
[EventCountry "ESP"]
[Source "lmi"]
[SourceDate "2013.02.01"]

1. e4 e5 2. Bc4 Nc6 3. d3 Bc5 4. Nf3 Nf6 5. c3 d6 6. h3 a6 7. Bb3 h6 8. Nbd2
O-O 9. Nf1 Re8 10. Ng3 d5 11. O-O Ba7 12. Bc2 d4 13. Re1 Qd6 14. Bd2 Ne7 15.
Nh4 Qb6 16. Qe2 Qxb2 17. Bb3 dxc3 18. Bc1 Qxe2 19. Rxe2 Bd4 20. Be3 c5 21. Rc1
Nc6 22. a3 b5 23. Nhf5 Be6 24. Bc2 Reb8 25. Bxd4 cxd4 26. Rb1 a5 27. Nd6 b4 28.
Ba4 Ne7 29. Nc4 Ng6 30. Bc6 Ra7 31. Nf5 Nf4 32. Rc2 b3 33. Rcc1 Nxd3 34. Rf1
Bxc4 35. Ba4 c2 36. Ra1 c1=Q 37. Raxc1 Nxc1 38. Rxc1 b2 39. Rb1 Bd3 0-1

[Event "Madrid ch - Previa B 2013"]
[Site "Madrid ESP"]
[Date "2013.02.07"]
[Round "3.16"]
[White "Vela Martinez, Jose"]
[Black "Herranz Sanchez, Pablo"]
[Result "1-0"]
[WhiteElo "1542"]
[BlackElo "1722"]
[PlyCount "91"]
[EventDate "2013.02.01"]
[EventType "swiss"]
[EventRounds "9"]
[EventCountry "ESP"]
[Source "lmi"]
[SourceDate "2013.02.01"]

1. e4 c5 2. Nf3 e6 3. d4 cxd4 4. Nxd4 Nf6 5. f3 Nc6 6. Be3 a6 7. Be2 Be7 8. Nc3
Qc7 9. Qd2 d6 10. O-O-O O-O 11. g4 Ne5 12. g5 Nfd7 13. f4 Nc4 14. Qd3 Nxe3 15.
Qxe3 Re8 16. h4 Qb6 17. Qg3 Bf8 18. h5 Qd8 19. g6 fxg6 20. hxg6 h6 21. f5 Ne5
22. Nf3 Qf6 23. Nxe5 dxe5 24. Bc4 b5 25. Bb3 Kh8 26. Rhf1 exf5 27. Nd5 Qc6 28.
exf5 Bb7 29. f6 Rac8 30. fxg7+ Bxg7 31. Rf7 Rcd8 32. Rc7 Qd6 33. Rxb7 Qc6 34.
Rc7 Qa8 35. Rf7 a5 36. a3 b4 37. a4 Qc6 38. Rff1 e4 39. Qc7 Qxg6 40. Rg1 Qh7
41. Qxa5 h5 42. Nc7 Rxd1+ 43. Rxd1 Rc8 44. Ne6 Bf6 45. Qxb4 e3 46. Qf4 1-0

[Event "Madrid ch - Previa B 2013"]
[Site "Madrid ESP"]
[Date "2013.02.07"]
[Round "3.17"]
[White "Lopez Ziegler, Juan Jose"]
[Black "Benitez Cadenas, Luis Miguel"]
[Result "1-0"]
[WhiteElo "1451"]
[BlackElo "1714"]
[PlyCount "67"]
[EventDate "2013.02.01"]
[EventType "swiss"]
[EventRounds "9"]
[EventCountry "ESP"]
[Source "lmi"]
[SourceDate "2013.02.01"]

1. d4 d5 2. Nf3 Nf6 3. Bf4 c5 4. c3 e6 5. e3 Qb6 6. Qc2 Nc6 7. Nbd2 Nh5 8. Bg3
c4 9. Ne5 g6 10. Bh4 Bg7 11. g4 Nf6 12. Be2 Nxe5 13. dxe5 Nd7 14. e4 Nxe5 15.
f4 Nd3+ 16. Bxd3 cxd3 17. Qxd3 Qxb2 18. Rb1 Qxc3 19. Qb5+ Qc6 20. Qb4 Bf8 21.
Qd4 Rg8 22. Ke2 Bc5 23. Qf6 Qa6+ 24. Ke1 Qc6 25. Rc1 Bd7 26. Bg5 dxe4 27. Nxe4
Bb4+ 28. Kf2 Qb6+ 29. Kf3 Bc6 30. Rhd1 Qa5 31. Rc4 Qa3+ 32. Ke2 Ba5 33. Nd6+
Kd7 34. Qe7# 1-0

[Event "Madrid ch - Previa B 2013"]
[Site "Madrid ESP"]
[Date "2013.02.07"]
[Round "3.18"]
[White "Caravantes Camacho, Fernando"]
[Black "Canseco Arenas, Alfonso"]
[Result "0-1"]
[WhiteElo "1817"]
[BlackElo "1706"]
[PlyCount "54"]
[EventDate "2013.02.01"]
[EventType "swiss"]
[EventRounds "9"]
[EventCountry "ESP"]
[Source "lmi"]
[SourceDate "2013.02.01"]

1. e4 d6 2. d4 Nf6 3. Nc3 c6 4. f4 g6 5. h3 b5 6. a3 e6 7. Nf3 Nh5 8. g4 Ng3 9.
Rg1 Nxf1 10. Rxf1 Nd7 11. Be3 a5 12. Qe2 Ba6 13. b4 axb4 14. axb4 Bb7 15. Kf2
Be7 16. d5 exd5 17. exd5 O-O 18. dxc6 Bxc6 19. f5 Rxa1 20. Rxa1 Bf6 21. Nd4
Bxd4 22. Bxd4 Qh4+ 23. Kg1 Qxh3 24. Ne4 Re8 25. Qh2 Qxg4+ 26. Ng3 Qxd4+ 27. Qf2
Qxa1+ 0-1

[Event "Madrid ch - Previa B 2013"]
[Site "Madrid ESP"]
[Date "2013.02.07"]
[Round "3.20"]
[White "Lacaci Otero, Ivan"]
[Black "Ojosnegros Martin, Angel"]
[Result "1-0"]
[WhiteElo "1671"]
[BlackElo "1522"]
[PlyCount "61"]
[EventDate "2013.02.01"]
[EventType "swiss"]
[EventRounds "9"]
[EventCountry "ESP"]
[Source "lmi"]
[SourceDate "2013.02.01"]

1. e4 e5 2. Nc3 Nc6 3. f4 Bc5 4. Nf3 d6 5. d3 Bg4 6. Be2 Bxf3 7. Bxf3 Qh4+ 8.
g3 Qd8 9. Na4 Bb6 10. Nxb6 axb6 11. Be3 Nf6 12. c3 O-O 13. f5 d5 14. h4 dxe4
15. dxe4 Qxd1+ 16. Kxd1 Rfd8+ 17. Kc2 h6 18. g4 Rd6 19. g5 Nd7 20. gxh6 g6 21.
Rhg1 Kh7 22. fxg6+ fxg6 23. h5 Rg8 24. Rg2 Nc5 25. Rag1 Ne7 26. Rg5 Nd3 27. Be2
Nf4 28. Bc4 Ne6 29. Rxe5 b5 30. Rxe6 bxc4 31. Rxe7+ 1-0

[Event "Madrid ch - Previa B 2013"]
[Site "Madrid ESP"]
[Date "2013.02.07"]
[Round "3.23"]
[White "Veiga Rodriguez, Pablo"]
[Black "Soto Martin, Miguel"]
[Result "1-0"]
[WhiteElo "1610"]
[BlackElo "1497"]
[PlyCount "129"]
[EventDate "2013.02.01"]
[EventType "swiss"]
[EventRounds "9"]
[EventCountry "ESP"]
[Source "lmi"]
[SourceDate "2013.02.01"]

1. d4 Nf6 2. c4 g6 3. Nc3 Bg7 4. e4 d6 5. f4 O-O 6. Nf3 Nbd7 7. e5 dxe5 8. dxe5
Ne8 9. h4 e6 10. g4 f5 11. g5 b6 12. Rh2 Bb7 13. Rd2 Rf7 14. Nd4 Qe7 15. Bg2
Bxg2 16. Rxg2 Qc5 17. Nxe6 Qc6 18. Qd5 Qxd5 19. cxd5 Nf8 20. Nxf8 Kxf8 21. Be3
Rd8 22. O-O-O Rfd7 23. Rgd2 Kg8 24. Nb5 a6 25. Na7 Bf8 26. Nc6 Rc8 27. Rc2 Ng7
28. a3 Nh5 29. e6 Rd6 30. Nb4 a5 31. Na6 c5 32. Nxc5 bxc5 33. Bxc5 Ra6 34. e7
Bxe7 35. Bxe7 Rxc2+ 36. Kxc2 Kf7 37. d6 Ra8 38. Rd4 Ng7 39. Ra4 Ne6 40. Rc4 Ke8
41. Bf6 Kd7 42. Be5 Kd8 43. b3 Kd7 44. Kb2 Rb8 45. Kc3 Rb7 46. b4 a4 47. Kd2
Rb8 48. Ke3 Rb7 49. Rc2 Nf8 50. Rc7+ Rxc7 51. dxc7 Kc8 52. Kd4 Ne6+ 53. Kd5
Nxc7+ 54. Bxc7 Kxc7 55. Kc5 Kb7 56. Kb5 Ka7 57. Kxa4 Ka6 58. Kb3 Kb5 59. a4+
Kb6 60. Kc4 Kc6 61. Kd4 Kd6 62. a5 Kc6 63. Ke5 Kb5 64. Kf6 Kxb4 65. a6 1-0

[Event "Madrid ch - Previa B 2013"]
[Site "Madrid ESP"]
[Date "2013.02.07"]
[Round "3.24"]
[White "Escanciano Reyero, Daniel"]
[Black "Torres Alvarez, Augusto J"]
[Result "1-0"]
[WhiteElo "1498"]
[BlackElo "1541"]
[PlyCount "145"]
[EventDate "2013.02.01"]
[EventType "swiss"]
[EventRounds "9"]
[EventCountry "ESP"]
[Source "lmi"]
[SourceDate "2013.02.01"]

1. e4 e6 2. d4 d5 3. Nc3 Nf6 4. exd5 exd5 5. Nf3 c5 6. Be3 Qb6 7. Rb1 Nc6 8.
Qd2 c4 9. b3 cxb3 10. Rxb3 Qc7 11. Bb5 Bd7 12. O-O Bd6 13. Re1 O-O 14. Ne2 Bg4
15. Bf4 Bxf3 16. Rxf3 Ne4 17. Qd3 a6 18. Bxc6 Qxc6 19. Rh3 Rfe8 20. Bxd6 Qxd6
21. Ng3 Qg6 22. Nxe4 Rxe4 23. Rxe4 Qxe4 24. Qxe4 dxe4 25. g4 Rc8 26. c3 g6 27.
g5 Rc4 28. Re3 Ra4 29. Re2 b5 30. Kg2 Ra3 31. Rc2 f5 32. gxf6 Kf7 33. Kg3 g5
34. Kg4 Kxf6 35. Kh5 b4 36. cxb4 Rh3+ 37. Kg4 Rxh2 38. Kg3 Rh1 39. Rc6+ Kf5 40.
Rxa6 Rd1 41. Ra5+ Kf6 42. d5 h5 43. Ra6+ Ke5 44. Rh6 Rd3+ 45. Kg2 Rxd5 46. Rxh5
Kd4 47. Rh1 Kc4 48. Rb1 Kb5 49. Kf1 Rd3 50. Ke2 g4 51. Rg1 Ra3 52. Rxg4 Rxa2+
53. Ke3 Kxb4 54. Rxe4+ Kc5 55. Kf3 Kd5 56. Re1 Ra4 57. Kg3 Ra6 58. f4 Rg6+ 59.
Kf3 Rf6 60. Kg4 Re6 61. Rd1+ Ke4 62. f5 Rc6 63. Re1+ Kd5 64. Kg5 Rc2 65. Kg6
Rg2+ 66. Kf7 Kd6 67. f6 Rg5 68. Rd1+ Kc6 69. Kf8 Kc7 70. Re1 Rg6 71. Ke7 Rg8
72. f7 Rg7 73. Ke8 1-0

[Event "Madrid ch - Previa B 2013"]
[Site "Madrid ESP"]
[Date "2013.02.07"]
[Round "3.25"]
[White "Cortijo Manso, Luis"]
[Black "Di Pietro Moreno, Fatima"]
[Result "1-0"]
[WhiteElo "1526"]
[BlackElo "1273"]
[PlyCount "77"]
[EventDate "2013.02.01"]
[EventType "swiss"]
[EventRounds "9"]
[EventCountry "ESP"]
[Source "lmi"]
[SourceDate "2013.02.01"]

1. d4 d5 2. Nf3 Nf6 3. g3 Bf5 4. Bg2 h6 5. O-O e6 6. c4 c6 7. cxd5 cxd5 8. Nc3
Nbd7 9. Bf4 a6 10. a4 Be7 11. Nd2 Qb6 12. Nb3 O-O 13. a5 Qd8 14. Nd2 Rc8 15. e4
dxe4 16. Ndxe4 Nxe4 17. Nxe4 Bxe4 18. Bxe4 g5 19. Bd2 Rc7 20. Bc3 f5 21. Bg2
Bf6 22. Qb3 Qe8 23. Bxb7 Nb8 24. Bg2 Kh8 25. Rfe1 Qh5 26. Qxe6 f4 27. Qh3 Qg6
28. Be4 Qg7 29. Rad1 g4 30. Qh5 Nd7 31. Qg6 Qxg6 32. Bxg6 fxg3 33. hxg3 Rg8 34.
Re8 Rxe8 35. Bxe8 Nf8 36. Bh5 Rc4 37. Bxg4 Ng6 38. Be2 Rc7 39. Bxa6 1-0

[Event "Madrid ch - Previa B 2013"]
[Site "Madrid ESP"]
[Date "2013.02.08"]
[Round "4.1"]
[White "Cano Cabanillas, Javier"]
[Black "Rodriguez Del Pino, Daniel"]
[Result "1/2-1/2"]
[WhiteElo "1985"]
[BlackElo "1906"]
[PlyCount "50"]
[EventDate "2013.02.01"]
[EventType "swiss"]
[EventRounds "9"]
[EventCountry "ESP"]
[Source "lmi"]
[SourceDate "2013.02.01"]

1. e4 c5 2. Nf3 d6 3. d4 cxd4 4. Nxd4 Nf6 5. Nc3 a6 6. h3 e6 7. g4 Nc6 8. Bg2
Qc7 9. O-O h6 10. Nde2 Be7 11. a4 b6 12. Be3 Bb7 13. Qd2 Ne5 14. b3 Rc8 15. f4
Ng6 16. Qd3 d5 17. exd5 Nxd5 18. Nxd5 Bxd5 19. Bxd5 exd5 20. Qxa6 O-O 21. Nd4
Bc5 22. Qd3 Rfe8 23. c3 Re4 24. Rae1 Nxf4 25. Bxf4 Rxf4 1/2-1/2

[Event "Madrid ch - Previa B 2013"]
[Site "Madrid ESP"]
[Date "2013.02.08"]
[Round "4.2"]
[White "Lopez Ziegler, Carlos"]
[Black "Garcia-Ruiz Fuentes, Angel M"]
[Result "1-0"]
[WhiteElo "1911"]
[BlackElo "1963"]
[PlyCount "77"]
[EventDate "2013.02.01"]
[EventType "swiss"]
[EventRounds "9"]
[EventCountry "ESP"]
[Source "lmi"]
[SourceDate "2013.02.01"]

1. e4 c5 2. Nf3 a6 3. c4 Nc6 4. d4 cxd4 5. Nxd4 e5 6. Nc2 Bc5 7. Nc3 d6 8. Be2
Nge7 9. Be3 Be6 10. O-O O-O 11. Nd5 Bxe3 12. Ndxe3 Qc7 13. Qd2 Ng6 14. Rfd1
Rfd8 15. b3 f6 16. Bf1 Rab8 17. Rac1 Nce7 18. f3 b6 19. g3 Qb7 20. Nb4 Nc6 21.
Nxc6 Qxc6 22. Nd5 Kf7 23. b4 h6 24. h4 Bxd5 25. Qxd5+ Qxd5 26. cxd5 a5 27. Rc7+
Ne7 28. b5 Ke8 29. Bh3 g6 30. Be6 Kf8 31. g4 Ke8 32. a4 Kf8 33. Kf2 Ke8 34. Ke3
Kf8 35. Rdc1 Ke8 36. Ra7 Kf8 37. Rcc7 Re8 38. Kd3 Ra8 39. Rxe7 1-0

[Event "Madrid ch - Previa B 2013"]
[Site "Madrid ESP"]
[Date "2013.02.08"]
[Round "4.3"]
[White "Flores Carpintero, Luis A"]
[Black "Cano Mercado, Francisco Manuel"]
[Result "1-0"]
[WhiteElo "1939"]
[BlackElo "1865"]
[PlyCount "37"]
[EventDate "2013.02.01"]
[EventType "swiss"]
[EventRounds "9"]
[EventCountry "ESP"]
[Source "lmi"]
[SourceDate "2013.02.01"]

1. d4 d5 2. c4 e6 3. Nc3 Nf6 4. Nf3 Nbd7 5. Bg5 c6 6. e3 Qa5 7. Nd2 dxc4 8.
Bxf6 Nxf6 9. Nxc4 Qc7 10. Bd3 a6 11. O-O c5 12. Rc1 cxd4 13. exd4 Be7 14. Ne5
Qd8 15. Qa4+ Bd7 16. Nxd7 Nxd7 17. d5 exd5 18. Nxd5 O-O 19. Qe4 1-0

[Event "Madrid ch - Previa B 2013"]
[Site "Madrid ESP"]
[Date "2013.02.08"]
[Round "4.4"]
[White "Marcos Herrero, Francisco"]
[Black "Plazuelo Pascual, Juan"]
[Result "1/2-1/2"]
[WhiteElo "1895"]
[BlackElo "1870"]
[PlyCount "76"]
[EventDate "2013.02.01"]
[EventType "swiss"]
[EventRounds "9"]
[EventCountry "ESP"]
[Source "lmi"]
[SourceDate "2013.02.01"]

1. d4 Nf6 2. c4 e6 3. g3 d5 4. Nf3 dxc4 5. Bg2 a6 6. Ne5 c5 7. Na3 cxd4 8.
Naxc4 Bc5 9. O-O O-O 10. Bg5 Nbd7 11. Qc2 Qc7 12. Bf4 Nxe5 13. Bxe5 Qe7 14. b4
Bxb4 15. Nb6 Nd7 16. Nxa8 Nxe5 17. Nb6 Bc5 18. Rab1 Bxb6 19. Rxb6 Nd7 20. Qc7
Qa3 21. Rd6 Qxa2 22. Rc1 Qxe2 23. Rxd4 Qb2 24. Rdd1 b5 25. Qxc8 Rxc8 26. Rxc8+
Nf8 27. Rdd8 Qa1+ 28. Bf1 g6 29. Rxf8+ Kg7 30. Ra8 Qa5 31. Rfb8 Qc7 32. h4 h5
33. Bg2 Qc1+ 34. Kh2 Qd2 35. Rxa6 Qxf2 36. Rab6 g5 37. Rxb5 gxh4 38. Rb3 f5
1/2-1/2

[Event "Madrid ch - Previa B 2013"]
[Site "Madrid ESP"]
[Date "2013.02.08"]
[Round "4.5"]
[White "Canseco Arenas, Alfonso"]
[Black "Largo Barbero, Benito"]
[Result "1-0"]
[WhiteElo "1706"]
[BlackElo "1916"]
[PlyCount "75"]
[EventDate "2013.02.01"]
[EventType "swiss"]
[EventRounds "9"]
[EventCountry "ESP"]
[Source "lmi"]
[SourceDate "2013.02.01"]

1. a3 d5 2. Nf3 Bf5 3. c4 e6 4. cxd5 exd5 5. Qb3 b6 6. Nc3 Nf6 7. d4 Nc6 8. Bg5
Na5 9. Qa4+ Bd7 10. Qc2 c6 11. Ne5 Be7 12. e3 h6 13. Bh4 b5 14. Be2 Rc8 15. h3
Nb7 16. Bxf6 Bxf6 17. Nxd7 Be7 18. Ne5 O-O 19. Bg4 Rc7 20. O-O Nd6 21. Rac1 f5
22. Bh5 Nc4 23. Nxc4 dxc4 24. a4 Qb8 25. axb5 cxb5 26. Nd5 Rd7 27. Nxe7+ Rxe7
28. Bf3 Qd6 29. Ra1 f4 30. exf4 Rxf4 31. Rfe1 Rxd4 32. Kf1 Rf4 33. Rxe7 Qxe7
34. Re1 Qc5 35. Re8+ Kf7 36. Qe2 Rf6 37. Re5 Qb4 38. Bd5+ 1-0

[Event "Madrid ch - Previa B 2013"]
[Site "Madrid ESP"]
[Date "2013.02.08"]
[Round "4.6"]
[White "Fernandez Rodriguez, Fernando J"]
[Black "Garcia Serrano, Jose M. Ii"]
[Result "0-1"]
[WhiteElo "1733"]
[BlackElo "1877"]
[PlyCount "54"]
[EventDate "2013.02.01"]
[EventType "swiss"]
[EventRounds "9"]
[EventCountry "ESP"]
[Source "lmi"]
[SourceDate "2013.02.01"]

1. e4 e5 2. Nf3 Nc6 3. Bb5 a6 4. Ba4 Nf6 5. O-O Be7 6. Re1 b5 7. Bb3 O-O 8. c3
d5 9. exd5 Nxd5 10. Nxe5 Nxe5 11. Rxe5 Nf6 12. d4 Bd6 13. Re1 Ng4 14. h3 Qh4
15. Qf3 Nxf2 16. Re2 Bg4 17. hxg4 Bg3 18. Rxf2 Qh2+ 19. Kf1 Qh1+ 20. Ke2 Bxf2
21. Kxf2 Qxc1 22. Qe2 Rae8 23. Qd2 Qh1 24. Bc2 Re6 25. g5 Rfe8 26. Bd3 Re1 27.
a4 R8e3 0-1

[Event "Madrid ch - Previa B 2013"]
[Site "Madrid ESP"]
[Date "2013.02.08"]
[Round "4.7"]
[White "Lacaci Otero, Ivan"]
[Black "Arroyo Fernandez, Francisco J"]
[Result "1/2-1/2"]
[WhiteElo "1671"]
[BlackElo "1840"]
[PlyCount "44"]
[EventDate "2013.02.01"]
[EventType "swiss"]
[EventRounds "9"]
[EventCountry "ESP"]
[Source "lmi"]
[SourceDate "2013.02.01"]

1. e4 d6 2. d4 Nf6 3. Bd3 c6 4. Nc3 e5 5. dxe5 dxe5 6. h3 Nbd7 7. Nf3 Be7 8.
O-O O-O 9. Be3 Qc7 10. Ne2 Nc5 11. Ng3 Rd8 12. Qe2 Nxd3 13. cxd3 Nd7 14. Nf5
Nc5 15. Nxe7+ Qxe7 16. Rfd1 f6 17. Rac1 Ne6 18. d4 Nxd4 19. Nxd4 exd4 20. Rxd4
Be6 21. b3 a6 22. f4 Rxd4 1/2-1/2